000 00789cam a22002415a 4500
001 L159693
008 150226s2016 xxk f 000 0 eng d
035 _a(Sirsi) u159693
041 0 _aeng
050 _a692.3095
100 1 _aBlackman, David
245 0 2 _aA known quantity
260 _c2017
490 _aModus
_vNovember 2016, 22-25 (4)
520 _aFive leading industry figures discuss why the international standards movement is turning its attention to the issue of enormous variations in costs measurement in construction industry.
590 _aKA
650 2 4 _aCONSTRUCTION COSTS
650 2 4 _aINTERNATIONAL CONSTRUCTION MEASUREMENT STANDARDS
650 2 4 _aMEASUREMENT
_96256
651 4 _aInternational
690 _aConstruction management
_96230
942 _n0
999 _c84918
_d84918